[Event "Campeonato de Australia 2007-2008"]
[Site "Parramatta AUS"]
[Date "2008.01.02"]
[Round "1.1"]
[White "Antic, Dejan"]
[Black "Pyke, Malcolm"]
[Result "1-0"]
[WhiteElo "2480"]
[BlackElo "2191"]
[PlyCount "65"]
[EventDate "2008.01.02"]
[EventType "swiss"]
[EventRounds "11"]
[EventCountry "AUS"]
[Source "lmi"]
[SourceDate "2008.01.02"]

1. d4 Nf6 2. Nf3 e6 3. g3 d5 4. c4 dxc4 5. Bg2 c5 6. O-O Nc6 7. Qa4 Bd7 8. Qxc4
b5 9. Qd3 Rc8 10. dxc5 Bxc5 11. Nc3 b4 12. Ne4 Nxe4 13. Qxe4 O-O 14. Bg5 Be7
15. Be3 Qa5 16. Rfd1 Rfd8 17. Nd4 Be8 18. Nxe6 fxe6 19. Bh3 e5 20. Be6+ Kh8 21.
Bxc8 Rxc8 22. Qf5 Rd8 23. Qe6 Bf6 24. Rac1 Nd4 25. Bxd4 exd4 26. Rc8 Bd7 27.
Qxd7 h6 28. Rxd8+ Bxd8 29. Rxd4 Bf6 30. Qe8+ Kh7 31. Qe4+ Kg8 32. Rxb4 Qxa2 33.
Rb8+ 1-0

[Event "Campeonato de Australia 2007-2008"]
[Site "Parramatta AUS"]
[Date "2008.01.02"]
[Round "1.2"]
[White "Hacche, David"]
[Black "Johansen, Darryl Keith"]
[Result "0-1"]
[WhiteElo "2182"]
[BlackElo "2475"]
[PlyCount "68"]
[EventDate "2008.01.02"]
[EventType "swiss"]
[EventRounds "11"]
[EventCountry "AUS"]
[Source "lmi"]
[SourceDate "2008.01.02"]

1. Nf3 Nf6 2. d4 e6 3. g3 c5 4. Bg2 cxd4 5. Nxd4 d5 6. O-O e5 7. Nb3 a5 8. Bg5
a4 9. Nc1 Be6 10. Nc3 d4 11. Ne4 Be7 12. Nxf6+ gxf6 13. Bh6 Nc6 14. Nd3 Bd5 15.
Bh3 Bf8 16. Bxf8 Kxf8 17. c4 Bxc4 18. Nc5 Bb5 19. Qc2 Qe7 20. Nd7+ Kg7 21. Qe4
h5 22. Nb6 Rad8 23. Rac1 Qb4 24. Nd5 Rxd5 25. Qxd5 Bxe2 26. a3 Qb3 27. Qxb3
axb3 28. f4 d3 29. Kf2 Rd8 30. fxe5 Nxe5 31. Ke3 b5 32. Kd2 Bxf1 33. Rxf1 Nc4+
34. Kc3 Ne3 0-1

[Event "Campeonato de Australia 2007-2008"]
[Site "Parramatta AUS"]
[Date "2008.01.02"]
[Round "1.3"]
[White "Solomon, Stephen J"]
[Black "Charles, Gareth"]
[Result "1-0"]
[WhiteElo "2468"]
[BlackElo "2180"]
[PlyCount "103"]
[EventDate "2008.01.02"]
[EventType "swiss"]
[EventRounds "11"]
[EventCountry "AUS"]
[Source "lmi"]
[SourceDate "2008.01.02"]

1. e4 c5 2. Nf3 d6 3. d4 cxd4 4. Nxd4 Nf6 5. Nc3 Nc6 6. Bg5 e6 7. Qd2 Be7 8.
O-O-O O-O 9. Nb3 Qb6 10. g4 Rd8 11. Qe2 a6 12. h4 Qc7 13. Bf4 b5 14. g5 Nd7 15.
h5 b4 16. Na4 Nce5 17. Nd4 Nc5 18. Nxc5 dxc5 19. Nf3 Nd3+ 20. Rxd3 Qxf4+ 21.
Qe3 Qc7 22. Rxd8+ Qxd8 23. Bc4 g6 24. hxg6 hxg6 25. Qf4 Qf8 26. Ne5 Bd6 27. Qf6
Qg7 28. Ng4 Bb7 29. Bxe6 Qxf6 30. Nxf6+ Kf8 31. Bd5 Bxd5 32. Rh8+ Kg7 33. Rh7+
Kf8 34. exd5 Ke7 35. Rh4 Be5 36. Ne4 c4 37. f4 Bd4 38. c3 bxc3 39. bxc3 Be3+
40. Kd1 Rd8 41. Ke2 Bc1 42. Nf6 Rb8 43. Kf3 Bb2 44. Ne4 Rb5 45. Rh2 Ba3 46. Re2
Kd7 47. Nf6+ Kd6 48. Re8 Rb1 49. Ra8 Rb6 50. Ke4 Bc1 51. Ra7 Kc5 52. Nd7+ 1-0

[Event "Campeonato de Australia 2007-2008"]
[Site "Parramatta AUS"]
[Date "2008.01.02"]
[Round "1.4"]
[White "Oliver, Gareth"]
[Black "Xie, George"]
[Result "1-0"]
[WhiteElo "2164"]
[BlackElo "2413"]
[PlyCount "73"]
[EventDate "2008.01.02"]
[EventType "swiss"]
[EventRounds "11"]
[EventCountry "AUS"]
[Source "lmi"]
[SourceDate "2008.01.02"]

1. d4 Nf6 2. c4 e6 3. Nc3 Bb4 4. e3 O-O 5. Bd3 d5 6. a3 Bxc3+ 7. bxc3 dxc4 8.
Bxc4 c5 9. Nf3 Qa5 10. Bd2 b6 11. Ne5 Ba6 12. Bxe6 Bb7 13. Bc4 Ne4 14. Qf3 cxd4
15. Bxf7+ Kh8 16. Qh5 Rxf7 17. Nxf7+ Kg8 18. Nh6+ gxh6 19. Qe8+ Kg7 20. Qe7+
Kg6 21. Qxb7 Nxd2 22. Rc1 dxc3 23. Qxa8 Qxa3 24. Rd1 Qd6 25. Ke2 a5 26. Rc1 Qe5
27. f4 Qb5+ 28. Kf2 Qb2 29. Qxb8 Nb3+ 30. Kg3 Nxc1 31. Qg8+ Kf5 32. Rd1 c2 33.
Rd5+ Kf6 34. Qh8+ Ke6 35. Qxb2 Ne2+ 36. Kf3 c1=Q 37. Qe5+ 1-0

[Event "Campeonato de Australia 2007-2008"]
[Site "Parramatta AUS"]
[Date "2008.01.02"]
[Round "1.5"]
[White "Lane, Gary William"]
[Black "Stojic, Dusan"]
[Result "1-0"]
[WhiteElo "2412"]
[BlackElo "2155"]
[PlyCount "63"]
[EventDate "2008.01.02"]
[EventType "swiss"]
[EventRounds "11"]
[EventCountry "AUS"]
[Source "lmi"]
[SourceDate "2008.01.02"]

1. e4 c5 2. Nf3 Nf6 3. Nc3 d5 4. exd5 Nxd5 5. Bb5+ Bd7 6. Qe2 a6 7. Bc4 Nxc3 8.
dxc3 e6 9. Bf4 Qb6 10. O-O-O Bb5 11. Ne5 Be7 12. Qh5 g6 13. Qh6 Bf8 14. Qh4 Bg7
15. Bb3 O-O 16. Rhe1 Qa5 17. Bh6 c4 18. Nxc4 Bxc4 19. Bxc4 Nc6 20. Bb3 Rfd8 21.
Rxd8+ Rxd8 22. Re3 Qf5 23. Bg5 Rd7 24. g4 Qb5 25. Re1 Ne5 26. Qg3 Nd3+ 27. cxd3
Qxg5+ 28. f4 Qc5 29. Kc2 Rc7 30. f5 Bxc3 31. bxc3 Qxc3+ 32. Kb1 1-0

[Event "Campeonato de Australia 2007-2008"]
[Site "Parramatta AUS"]
[Date "2008.01.02"]
[Round "1.6"]
[White "Illingworth, Max"]
[Black "Goldenberg, Igor"]
[Result "1-0"]
[WhiteElo "2201"]
[BlackElo "2395"]
[PlyCount "108"]
[EventDate "2008.01.02"]
[EventType "swiss"]
[EventRounds "11"]
[EventCountry "AUS"]
[Source "lmi"]
[SourceDate "2008.01.02"]

1. d4 d5 2. c4 e6 3. Nc3 c6 4. e3 Nf6 5. Nf3 Nbd7 6. Qc2 Bd6 7. g4 dxc4 8. Bxc4
b5 9. Be2 Bb7 10. e4 e5 11. g5 Ng4 12. h3 exd4 13. Nxd4 Nge5 14. Nf5 Bf8 15. f4
Nc4 16. Bxc4 bxc4 17. Be3 g6 18. Bd4 Rg8 19. Ng3 Nc5 20. Bxc5 Bxc5 21. e5 Be3
22. Nge4 Bxf4 23. Nf6+ Kf8 24. Nxg8 Kxg8 25. Ne4 c5 26. e6 fxe6 27. Rd1 Qa5+
28. Ke2 Be5 29. Rhf1 Bd5 30. Nf6+ Bxf6 31. Rxf6 Qxa2 32. Qc3 Rb8 33. Rd2 Qa6
34. Rxd5 Rxb2+ 35. Rd2 Rxd2+ 36. Qxd2 Qb6 37. Qc3 Qd6 38. Qe3 Qh2+ 39. Kd1 e5
40. Rf1 Qb2 41. Qd2 Qb1+ 42. Ke2 Qe4+ 43. Kf2 Qh4+ 44. Kg2 Qe4+ 45. Rf3 Qd4 46.
Qf2 Qd5 47. Kh2 Qd6 48. Rf6 Qe7 49. Qe2 c3 50. Qc4+ Kg7 51. Qxc3 h6 52. Qd3 e4
53. Qd6 Qxd6+ 54. Rxd6 hxg5 1-0

[Event "Campeonato de Australia 2007-2008"]
[Site "Parramatta AUS"]
[Date "2008.01.02"]
[Round "1.7"]
[White "Van Riemsdijk, Herman Claudius"]
[Black "Bird, Andrew"]
[Result "1-0"]
[WhiteElo "2391"]
[BlackElo "2148"]
[PlyCount "115"]
[EventDate "2008.01.02"]
[EventType "swiss"]
[EventRounds "11"]
[EventCountry "AUS"]
[Source "lmi"]
[SourceDate "2008.01.02"]

1. e4 c5 2. Nf3 d6 3. d4 cxd4 4. Nxd4 Nf6 5. Nc3 Nc6 6. Bc4 Na5 7. Bd3 g6 8.
Be3 Bg7 9. Qd2 Ng4 10. Bg5 h6 11. Bh4 g5 12. Bg3 Qb6 13. Nb3 Nxb3 14. axb3 Be6
15. f3 Ne5 16. Bb5+ Kf8 17. Bf2 Qc7 18. Be2 a6 19. Nb5 Qd7 20. Nd4 Rc8 21. h4
Rg8 22. hxg5 hxg5 23. Rh5 Bf6 24. Be3 Nc6 25. Nxe6+ Qxe6 26. Bc4 Qe5 27. c3
Qg3+ 28. Kf1 Ne5 29. Be2 Ng6 30. Rh3 Qe5 31. Bc4 Rh8 32. Rxh8+ Nxh8 33. Qd5
Qxd5 34. Bxd5 Rc7 35. Bb6 Rd7 36. b4 Ng6 37. Bb3 Ne5 38. Ba4 Nc6 39. Bxc6 bxc6
40. Rxa6 Rb7 41. Ke2 Ke8 42. Kd3 Kd7 43. Be3 c5 44. bxc5 Rxb2 45. cxd6 exd6 46.
Bd2 Be5 47. Ra7+ Ke6 48. Bxg5 f6 49. Bd2 Bg3 50. Rg7 Bh2 51. f4 d5 52. exd5+
Kxd5 53. Re7 Rb1 54. Re2 Rb3 55. g4 Bg3 56. Rg2 Bh4 57. Rh2 Bg3 58. Rh6 1-0

[Event "Campeonato de Australia 2007-2008"]
[Site "Parramatta AUS"]
[Date "2008.01.02"]
[Round "1.8"]
[White "Lazarus, Benjamin"]
[Black "Bjelobrk, Igor"]
[Result "1-0"]
[WhiteElo "2123"]
[BlackElo "2380"]
[PlyCount "143"]
[EventDate "2008.01.02"]
[EventType "swiss"]
[EventRounds "11"]
[EventCountry "AUS"]
[Source "lmi"]
[SourceDate "2008.01.02"]

1. e4 c5 2. Nf3 e6 3. d4 cxd4 4. Nxd4 Nc6 5. c4 Nf6 6. Nc3 Bb4 7. Nxc6 bxc6 8.
Bd3 e5 9. O-O O-O 10. Qc2 d6 11. Bg5 h6 12. Bh4 Bc5 13. Kh1 Be6 14. Rad1 Qe7
15. Ne2 Rab8 16. f3 a5 17. Be1 Qa7 18. Nc3 Rfc8 19. Na4 Bd4 20. b3 d5 21. c5
dxe4 22. Bxe4 Nd5 23. Bxd5 cxd5 24. Bf2 Bxf2 25. Qxf2 f6 26. f4 Re8 27. fxe5
fxe5 28. Rfe1 Bf7 29. Qg3 Qc7 30. Nb6 Rbd8 31. Qc3 d4 32. Qxa5 e4 33. Qb5 Qe5
34. Nc4 Bxc4 35. Qxc4+ Kh8 36. c6 d3 37. b4 Qd4 38. Qxd4 Rxd4 39. Kg1 Rxb4 40.
Rxd3 Rc4 41. Rde3 Kh7 42. c7 Rxc7 43. Rxe4 Rxe4 44. Rxe4 Rc2 45. a4 Ra2 46. h3
Kg6 47. Kh2 Kf5 48. Rb4 Kf6 49. Rb6+ Kf7 50. Ra6 Ra3 51. h4 Ke7 52. h5 Kf7 53.
g3 Ke7 54. Kh3 Kf7 55. Kg4 Ra1 56. a5 Ra2 57. Ra7+ Kf6 58. Ra6+ Kf7 59. Kf5
Rf2+ 60. Ke5 Re2+ 61. Kd4 Rg2 62. Rg6 Rh2 63. g4 Rc2 64. a6 Rc1 65. Kd5 Rc2 66.
Rc6 Rg2 67. a7 Ra2 68. Rc7+ Kf6 69. Kc6 g6 70. hxg6 Kxg6 71. Kb7 Rb2+ 72. Kc8
1-0

[Event "Campeonato de Australia 2007-2008"]
[Site "Parramatta AUS"]
[Date "2008.01.02"]
[Round "1.9"]
[White "Ly, Moulthun"]
[Black "Booth, Stewart"]
[Result "1-0"]
[WhiteElo "2319"]
[BlackElo "2142"]
[PlyCount "103"]
[EventDate "2008.01.02"]
[EventType "swiss"]
[EventRounds "11"]
[EventCountry "AUS"]
[Source "lmi"]
[SourceDate "2008.01.02"]

1. e4 c5 2. Nf3 d6 3. d4 cxd4 4. Nxd4 Nf6 5. Nc3 a6 6. f4 Qc7 7. Bd3 e5 8. Nf3
Nbd7 9. O-O g6 10. Kh1 Bg7 11. Qe1 b5 12. a3 Bb7 13. Qh4 h6 14. fxe5 dxe5 15.
Bd2 Nc5 16. b4 g5 17. Qe1 Ne6 18. a4 bxa4 19. Rxa4 O-O 20. Ra5 Nd4 21. Nxe5
Rae8 22. Nf3 Ng4 23. Qg3 Qxg3 24. hxg3 Nc6 25. Ra4 Nce5 26. Nxe5 Bxe5 27. b5
axb5 28. Ra7 b4 29. Nb5 Rb8 30. Bxb4 Rfd8 31. Be1 Rd7 32. Nc3 Bd4 33. Ra4 Bc6
34. Ra6 Bb7 35. Ra5 Bb6 36. Rb5 Bc6 37. Rb3 Bc7 38. Rxb8+ Bxb8 39. Rf5 Ra7 40.
Be2 Ra1 41. Bxg4 Bd7 42. Nd1 Bxf5 43. exf5 Rc1 44. c3 Ba7 45. Kh2 Kg7 46. Bf3
Kf6 47. g4 Rc2 48. Bg3 h5 49. Kh3 h4 50. Bc7 Bc5 51. Bd8+ Be7 52. Ne3 1-0

[Event "Campeonato de Australia 2007-2008"]
[Site "Parramatta AUS"]
[Date "2008.01.02"]
[Round "1.11"]
[White "Wei, Michael"]
[Black "Rej, Tomek"]
[Result "0-1"]
[WhiteElo "2139"]
[BlackElo "2283"]
[PlyCount "66"]
[EventDate "2008.01.02"]
[EventType "swiss"]
[EventRounds "11"]
[EventCountry "AUS"]
[Source "lmi"]
[SourceDate "2008.01.02"]

1. e4 e5 2. Nf3 Nc6 3. Nc3 Nf6 4. g3 Bb4 5. Bg2 d6 6. O-O Bg4 7. h3 Bh5 8. d3
Qd7 9. Nd5 Nxd5 10. exd5 Ne7 11. c3 Ba5 12. Qb3 Bb6 13. d4 f6 14. a4 a5 15.
dxe5 dxe5 16. c4 O-O 17. Be3 Bxf3 18. Bxf3 Bxe3 19. Qxe3 Qxh3 20. Qb3 Nf5 21.
Qd1 Nd4 22. Bg2 Qh6 23. Ra3 c5 24. dxc6 bxc6 25. Bxc6 Kh8 26. Bd5 Rab8 27. b3
f5 28. Kg2 f4 29. Rh1 f3+ 30. Bxf3 Qf6 31. Be4 Qxf2+ 32. Kh3 Rb6 33. Kg4 Rf4+
0-1

[Event "Campeonato de Australia 2007-2008"]
[Site "Parramatta AUS"]
[Date "2008.01.02"]
[Round "1.12"]
[White "Boyd, Tristan"]
[Black "Capilitan, Romeo"]
[Result "1-0"]
[WhiteElo "2270"]
[BlackElo "2134"]
[PlyCount "91"]
[EventDate "2008.01.02"]
[EventType "swiss"]
[EventRounds "11"]
[EventCountry "AUS"]
[Source "lmi"]
[SourceDate "2008.01.02"]

1. d4 Nf6 2. c4 e6 3. Nc3 Bb4 4. e3 O-O 5. Bd3 d5 6. Nge2 c5 7. O-O Nbd7 8. a3
Ba5 9. cxd5 exd5 10. Nf4 c4 11. Bc2 Bxc3 12. bxc3 Re8 13. f3 Nf8 14. Qe1 Ng6
15. Ne2 Bd7 16. Ng3 Bc6 17. Bd2 Qd7 18. Qf2 b5 19. Rae1 a5 20. e4 dxe4 21. fxe4
Rf8 22. Nf5 Ne8 23. Qg3 f6 24. Bd1 Ne7 25. Bg4 Nxf5 26. Bxf5 Qe7 27. Qh3 g6 28.
Be6+ Kh8 29. d5 Ng7 30. Bg4 Bb7 31. Qh4 Qe5 32. Qf2 Bc8 33. Bd1 Bd7 34. Be3
Qxc3 35. Bd4 Qxa3 36. Bxf6 Qd6 37. Qd4 Rg8 38. e5 Qb4 39. e6 Be8 40. d6 Ra7 41.
Qxa7 Qxd6 42. Be5 Qb4 43. Qd4 a4 44. Bd6 Qa5 45. Bf8 Qc7 46. e7 1-0

[Event "Campeonato de Australia 2007-2008"]
[Site "Parramatta AUS"]
[Date "2008.01.02"]
[Round "1.13"]
[White "Broekhuyse, Paul"]
[Black "Yadao, Israel"]
[Result "1-0"]
[WhiteElo "2130"]
[BlackElo "2266"]
[PlyCount "141"]
[EventDate "2008.01.02"]
[EventType "swiss"]
[EventRounds "11"]
[EventCountry "AUS"]
[Source "lmi"]
[SourceDate "2008.01.02"]

1. d4 Nf6 2. Nf3 c5 3. e3 b6 4. Bd3 Bb7 5. O-O d6 6. Nbd2 Nbd7 7. c3 e6 8. e4
Qc7 9. Re1 Be7 10. a4 O-O 11. e5 dxe5 12. dxe5 Ng4 13. Nc4 f6 14. Ng5 f5 15.
Nxe6 Qc6 16. Be4 fxe4 17. Qxg4 Rf7 18. Bf4 Bc8 19. Ng5 Nf8 20. Qg3 Bxg5 21.
Bxg5 h6 22. Be3 Kh8 23. Red1 Qe6 24. Nd6 Re7 25. Qf4 Ba6 26. Qxe4 Rb8 27. f4
Ng6 28. Nf5 Bb7 29. Qc2 Rf7 30. Nd6 Rd7 31. Nxb7 Rbxb7 32. Rxd7 Rxd7 33. Rd1
Nh4 34. Rxd7 Qxd7 35. Qd2 Qg4 36. Kf1 Nf5 37. e6 Qh4 38. Bg1 g5 39. Qd8+ Kh7
40. Qc7+ Ng7 41. e7 Qxf4+ 42. Qxf4 gxf4 43. b4 cxb4 44. cxb4 Kg6 45. a5 bxa5
46. b5 Kf7 47. Bxa7 Ne6 48. Bb8 Kxe7 49. b6 Nc5 50. Bxf4 h5 51. Bd2 Nb7 52. Kf2
a4 53. Kg3 Kf6 54. Kh4 Kg6 55. Bb4 Nd8 56. g4 hxg4 57. Kxg4 Nb7 58. h4 Nd8 59.
h5+ Kh6 60. Be7 Nb7 61. Bf8+ Kh7 62. Kg5 Nd8 63. Kf6 Nb7 64. Ke5 Kg8 65. Ba3
Kh7 66. Bc1 Na5 67. Kd5 a3 68. Bxa3 Kh6 69. Bb4 Nb7 70. Kc6 Nd8+ 71. Kd7 1-0

[Event "Campeonato de Australia 2007-2008"]
[Site "Parramatta AUS"]
[Date "2008.01.02"]
[Round "1.14"]
[White "Chow, Samuel"]
[Black "Pecori, Ascaro"]
[Result "0-1"]
[WhiteElo "2240"]
[BlackElo "2129"]
[PlyCount "96"]
[EventDate "2008.01.02"]
[EventType "swiss"]
[EventRounds "11"]
[EventCountry "AUS"]
[Source "lmi"]
[SourceDate "2008.01.02"]

1. d4 Nf6 2. Bg5 e6 3. e4 Be7 4. Nc3 d5 5. e5 Nfd7 6. Bxe7 Qxe7 7. f4 a6 8. Nf3
c5 9. dxc5 Nxc5 10. Bd3 Nxd3+ 11. cxd3 Nc6 12. O-O Bd7 13. Qd2 O-O 14. d4 f5
15. exf6 Qxf6 16. g3 Be8 17. Na4 Bh5 18. Ne5 Nxe5 19. dxe5 Qh6 20. Qb4 b5 21.
Nc5 Be2 22. Rf2 a5 23. Qd2 Bg4 24. Rc1 Rfc8 25. Nb7 Qg6 26. Nd6 Rxc1+ 27. Qxc1
Qd3 28. Qc2 Qe3 29. Nxb5 Bh3 30. Qd2 Qc5 31. Nd4 Rc8 32. Re2 Qb6 33. Qe3 Rc4
34. Nf3 Rc1+ 35. Ne1 Qc6 36. Kf2 d4 37. Qe4 Qb6 38. Kf3 h5 39. Rd2 d3 40. Qa8+
Kh7 41. Qe4+ Bf5 42. Qe3 Qxe3+ 43. Kxe3 Rxe1+ 44. Kf2 Rh1 45. Ke3 Ra1 46. b3
Rc1 47. h4 Kg8 48. a3 Kf7 0-1

[Event "Campeonato de Australia 2007-2008"]
[Site "Parramatta AUS"]
[Date "2008.01.02"]
[Round "1.15"]
[White "Hu, Jason"]
[Black "Hamilton, Douglas"]
[Result "0-1"]
[WhiteElo "2120"]
[BlackElo "2229"]
[PlyCount "76"]
[EventDate "2008.01.02"]
[EventType "swiss"]
[EventRounds "11"]
[EventCountry "AUS"]
[Source "lmi"]
[SourceDate "2008.01.02"]

1. c4 e6 2. Nf3 d5 3. e3 c5 4. d4 Nc6 5. Nc3 Nf6 6. a3 a6 7. dxc5 Bxc5 8. b4
Ba7 9. Bb2 O-O 10. h3 dxc4 11. Bxc4 b5 12. Ba2 Bb7 13. O-O Rc8 14. Qb3 Qe7 15.
Rad1 Bb8 16. Ba1 Qc7 17. Rfe1 Ne5 18. Nxe5 Qxe5 19. f4 Qh5 20. Qb2 e5 21. Nd5
Bxd5 22. Bxd5 exf4 23. Bf3 Qg5 24. e4 Ba7+ 25. Kh1 h5 26. Qe5 Qh6 27. Qe7 Bf2
28. Re2 Rfe8 29. Qb7 Be3 30. Qxa6 Nxe4 31. Qxb5 Ng3+ 32. Kh2 Nxe2 33. Bxe2 f3
34. Bxf3 Qf4+ 35. Kh1 Qg3 36. Qf1 Bf4 37. Qg1 Re3 38. Bxh5 Rce8 0-1

[Event "Campeonato de Australia 2007-2008"]
[Site "Parramatta AUS"]
[Date "2008.01.02"]
[Round "1.16"]
[White "Klein, Felix"]
[Black "Morris, James"]
[Result "0-1"]
[WhiteElo "2205"]
[BlackElo "2096"]
[PlyCount "119"]
[EventDate "2008.01.02"]
[EventType "swiss"]
[EventRounds "11"]
[EventCountry "AUS"]
[Source "lmi"]
[SourceDate "2008.01.02"]

1. e4 e6 2. d4 d5 3. Nc3 Nf6 4. e5 Nfd7 5. f4 c5 6. Nf3 Nc6 7. Be3 a6 8. Qd2 b5
9. a3 Qb6 10. g3 Bb7 11. Bg2 cxd4 12. Nxd4 Bc5 13. Nce2 O-O 14. b4 Bxd4 15.
Nxd4 Nxd4 16. Bxd4 Qc7 17. O-O Rfc8 18. c3 f5 19. exf6 Nxf6 20. Rae1 Ne4 21.
Bxe4 dxe4 22. Re3 Rd8 23. Qe2 Rf8 24. Qg4 Rf5 25. Be5 Qf7 26. Rd1 Bd5 27. Qe2
h5 28. Rd2 Rxe5 29. fxe5 Rf8 30. Qe1 Qa7 31. Rf2 Rf3 32. Rfxf3 exf3 33. Qd2 g5
34. h3 Qh7 35. Rxf3 Bxf3 36. Qd8+ Kf7 37. Qf6+ Ke8 38. Qxf3 Qb1+ 39. Kf2 Qc2+
40. Qe2 Qf5+ 41. Kg2 g4 42. h4 Kf7 43. Kh2 Kg6 44. Kg1 Qb1+ 45. Kf2 Kf5 46. Qd2
Kxe5 47. Qd4+ Kf5 48. Qf4+ Kg6 49. Qg5+ Kf7 50. Qxh5+ Ke7 51. Qg5+ Kd7 52. Qxg4
Qc2+ 53. Qe2 Qxc3 54. Qe3 Qc2+ 55. Kf3 Qf5+ 56. Kg2 Qd5+ 57. Qf3 Qc4 58. h5 e5
59. h6 Qa2+ 60. Kh3 0-1

[Event "Campeonato de Australia 2007-2008"]
[Site "Parramatta AUS"]
[Date "2008.01.02"]
[Round "1.17"]
[White "Malik, Hani"]
[Black "Ikeda, Junta"]
[Result "0-1"]
[WhiteElo "2009"]
[BlackElo "2201"]
[PlyCount "92"]
[EventDate "2008.01.02"]
[EventType "swiss"]
[EventRounds "11"]
[EventCountry "AUS"]
[Source "lmi"]
[SourceDate "2008.01.02"]

1. e4 c5 2. Nf3 e6 3. d4 cxd4 4. Nxd4 a6 5. Bd3 Nc6 6. Nxc6 dxc6 7. O-O e5 8.
Qh5 Qc7 9. Bg5 h6 10. Bc4 g6 11. Qh4 Bg7 12. Be3 g5 13. Qg3 Nf6 14. Nc3 b5 15.
Bb3 a5 16. a3 Nh5 17. Qf3 Nf4 18. Bc5 h5 19. Qe3 Bf6 20. Rfd1 g4 21. Bd6 Qa7
22. Bc5 Qb7 23. Ne2 Ne6 24. Bxe6 Bxe6 25. Ng3 Qc8 26. Qd3 h4 27. Nf5 Bxf5 28.
exf5 Qc7 29. Qe4 Rd8 30. Rxd8+ Kxd8 31. Qxg4 Kc8 32. Rd1 Rd8 33. h3 Kb7 34.
Rxd8 Qxd8 35. Qe4 a4 36. Be3 Qd6 37. Qd3 Qxd3 38. cxd3 e4 39. dxe4 Bxb2 40. Bc5
Bc3 41. Be3 b4 42. Bc1 b3 43. g4 b2 44. Bxb2 Bxb2 45. g5 Bxa3 46. e5 Kb6 0-1

[Event "Campeonato de Australia 2007-2008"]
[Site "Parramatta AUS"]
[Date "2008.01.02"]
[Round "1.18"]
[White "Yu, Ronald"]
[Black "Morris, Michael"]
[Result "1-0"]
[WhiteElo "2212"]
[BlackElo "1985"]
[PlyCount "118"]
[EventDate "2008.01.02"]
[EventType "swiss"]
[EventRounds "11"]
[EventCountry "AUS"]
[Source "lmi"]
[SourceDate "2008.01.02"]

1. f4 g6 2. Nf3 Bg7 3. e3 Nf6 4. Be2 d5 5. O-O c6 6. d3 Bg4 7. Nbd2 Qb6 8. Nb3
Bxf3 9. Bxf3 Nbd7 10. Kh1 e5 11. e4 dxe4 12. dxe4 exf4 13. Bxf4 O-O 14. e5 Nd5
15. Bxd5 cxd5 16. Qxd5 Nxe5 17. Bxe5 Rad8 18. Qc4 Bxe5 19. Rae1 Qd6 20. Rf3
Bxb2 21. Ref1 Rc8 22. Qa4 Rxc2 23. Qxa7 Qd5 24. Qb6 Re8 25. Qa5 b5 26. Qa7 f6
27. Qg1 Ree2 28. Rd1 Qa8 29. Qb6 Qe8 30. Rg1 Qc6 31. Qd8+ Kg7 32. Rd1 Qe8 33.
Rd7+ Kg8 34. Qxe8+ Rxe8 35. Rf1 Ree2 36. Rfd1 Ba3 37. Nd4 Rxa2 38. Nxe2 Rxe2
39. Rb7 Be7 40. Rxb5 Kf7 41. Kg1 f5 42. Rc1 Re6 43. Kf2 Re4 44. Re1 Rf4+ 45.
Kg1 Bb4 46. Rb1 Bc3 47. Rb7+ Kf6 48. Rxh7 Kg5 49. Rc7 Bd4+ 50. Kh1 Rh4 51. Rc4
Be5 52. Rxh4 Kxh4 53. g3+ Kg4 54. Kg2 Kh5 55. Rb5 Bc7 56. Rc5 Bd6 57. Rc6 Be5
58. Re6 Bc7 59. g4+ Kh6 1-0

[Event "Campeonato de Australia 2007-2008"]
[Site "Parramatta AUS"]
[Date "2008.01.03"]
[Round "2.1"]
[White "Hamilton, Douglas"]
[Black "Antic, Dejan"]
[Result "0-1"]
[WhiteElo "2229"]
[BlackElo "2480"]
[PlyCount "72"]
[EventDate "2008.01.02"]
[EventType "swiss"]
[EventRounds "11"]
[EventCountry "AUS"]
[Source "lmi"]
[SourceDate "2008.01.02"]

1. d4 Nf6 2. c4 g6 3. Nc3 Bg7 4. Nf3 d6 5. e4 O-O 6. h3 Qe8 7. Bg5 e5 8. d5 Nh5
9. Qd2 f5 10. Bh6 fxe4 11. Nxe4 Na6 12. Bxg7 Kxg7 13. Qc3 Bf5 14. Nfd2 Qe7 15.
g3 Nf6 16. Bg2 Bxe4 17. Nxe4 Nxe4 18. Bxe4 Nc5 19. Bg2 a5 20. O-O Qf6 21. Rae1
Rf7 22. b3 b6 23. Qe3 Raf8 24. f4 Nd7 25. Qd2 exf4 26. Rxf4 Qd8 27. Qc3+ Ne5
28. Ref1 Qe7 29. h4 h6 30. Bh3 g5 31. hxg5 Qxg5 32. Kh2 Rf6 33. a3 h5 34. b4
axb4 35. axb4 Kh6 36. Qe3 Ng6 0-1

[Event "Campeonato de Australia 2007-2008"]
[Site "Parramatta AUS"]
[Date "2008.01.03"]
[Round "2.2"]
[White "Johansen, Darryl Keith"]
[Black "Klein, Felix"]
[Result "1/2-1/2"]
[WhiteElo "2475"]
[BlackElo "2205"]
[PlyCount "77"]
[EventDate "2008.01.02"]
[EventType "swiss"]
[EventRounds "11"]
[EventCountry "AUS"]
[Source "lmi"]
[SourceDate "2008.01.02"]

1. c4 e6 2. Nf3 d5 3. d4 c6 4. Nbd2 f5 5. g3 Nf6 6. Bg2 Bd6 7. b3 O-O 8. O-O
Qe7 9. Bb2 b6 10. Ne5 Bb7 11. Ndf3 a5 12. e3 Na6 13. Qe2 c5 14. Rfd1 Ne4 15.
Nd3 Rac8 16. Nfe5 Nb4 17. f3 Nf6 18. Nf2 Ba6 19. Rdc1 Bb7 20. a3 Nc6 21. Nfd3
a4 22. bxa4 Na5 23. dxc5 Bxe5 24. Nxe5 Nb3 25. cxd5 Bxd5 26. cxb6 Rxc1+ 27.
Rxc1 Nxc1 28. Bxc1 Qc5 29. Nd3 Qxb6 30. Nb4 Rc8 31. Bb2 Bc4 32. Qe1 Nd5 33. Bd4
Qa5 34. e4 fxe4 35. Qxe4 Nxb4 36. Qb7 Qc7 37. Qxc7 Rxc7 38. axb4 Bb3 39. a5
1/2-1/2

[Event "Campeonato de Australia 2007-2008"]
[Site "Parramatta AUS"]
[Date "2008.01.03"]
[Round "2.3"]
[White "Ikeda, Junta"]
[Black "Solomon, Stephen J"]
[Result "0-1"]
[WhiteElo "2201"]
[BlackElo "2468"]
[PlyCount "64"]
[EventDate "2008.01.02"]
[EventType "swiss"]
[EventRounds "11"]
[EventCountry "AUS"]
[Source "lmi"]
[SourceDate "2008.01.02"]

1. d4 d5 2. c4 e6 3. Nc3 c6 4. Nf3 dxc4 5. a4 Bb4 6. e3 b5 7. Bd2 a5 8. axb5
Bxc3 9. Bxc3 cxb5 10. b3 Bb7 11. bxc4 b4 12. Bb2 Nf6 13. Bd3 Nbd7 14. O-O O-O
15. Nd2 Re8 16. Qc2 e5 17. c5 exd4 18. exd4 Qc7 19. Nc4 Bd5 20. Ne3 h6 21. Bb5
Re6 22. Qf5 Be4 23. Qh3 Nd5 24. Rfe1 N7f6 25. Bc4 Rae8 26. Qg3 Qd8 27. Qh4 Nxe3
28. Rxe3 Bd5 29. Rxe6 Rxe6 30. Bd3 a4 31. f3 a3 32. Bc1 Be4 0-1

[Event "Campeonato de Australia 2007-2008"]
[Site "Parramatta AUS"]
[Date "2008.01.03"]
[Round "2.4"]
[White "Yu, Ronald"]
[Black "Lane, Gary William"]
[Result "0-1"]
[WhiteElo "2212"]
[BlackElo "2412"]
[PlyCount "50"]
[EventDate "2008.01.02"]
[EventType "swiss"]
[EventRounds "11"]
[EventCountry "AUS"]
[Source "lmi"]
[SourceDate "2008.01.02"]

1. f4 d5 2. Nf3 g6 3. e3 Bg7 4. Be2 Nf6 5. O-O O-O 6. d3 c5 7. Qe1 Nc6 8. Nbd2
Qc7 9. Qh4 e5 10. fxe5 Nxe5 11. Nxe5 Qxe5 12. Nf3 Qe7 13. Ng5 h6 14. Nh3 g5 15.
Qg3 Nh7 16. Nf2 f5 17. Nd1 Be5 18. Qf2 Qd6 19. g3 g4 20. Qg2 Bd7 21. c3 d4 22.
e4 Bc6 23. cxd4 Bxd4+ 24. Be3 Bxe3+ 25. Nxe3 Qd4 0-1